=LDR 00000nam 2200000 4500 =001 INLIS000000000017094 =005 20130612112302 =008 ***********************************Ind** =035 ##$$0010-061300000017094 =041 ##$$a Ind =082 ##$$a 350.532 =090 ##$$a 350.532, Set j =100 ##$$a Setiyono, Budi =245 ##$$a Jaringan birokrasi, Tinjauan dari aspek politik dan administrasi, Budi Setiyono =260 ##$$a 2002 $b Bekasi =300 ##$$a 193 hlm, 21 cm =650 ##$$a Birokrasi =850 ##$$a NBPNMAT =990 ##$$a 02600260 =990 ##$$a 20405981 =990 ##$$a 10405981